01046 a2200157 45000010006000000050017000060080041000230030015000640400040000790800027001192450050001462640041001963000019002375050605002561000027008615497220260407155825.0260407a1979 arg spa dAR-UNSa-BCEJYS aAR-UNSa-BCEJYSbspacAR-UNSa-BCEJYS a174xEtica Profesional10aEtica del abogadopconducta procesal indebida 1aBuenos Aires :bAbeledo Perrotc1979 a142 p.c23 cm. aPrimera parte: Éica del abogado - 1. Acerca de la existencia de la Ética del Abogado - 2. La naturaleza humana constitutivamente ética como explicación última del derecho y la abogacía - 3. Bioi Ético-jurídico teóricamente posibles de ser abogado - 4. Modo Ético-jurídico práctico y posible de ser abogado: El bios prudente - 5. Función del abogado en el campo jurídico - Segunda parte: Conducta procesal indebida - 1. Denominación y antecedentes - 2. Caracterización de la conducta procesal indebida - 3. Razones para su tratamiento normativo - 4. Sobre las sanciones1 aVigo, Rodolfo Luis (h)